Совершенствование маршрутной сети городского пассажирского транспорта с помощью алгоритма муравьиных колоний; Системы управления и информационные технологии; Т. 66, № 4

Xehetasun bibliografikoak
Parent link:Системы управления и информационные технологии: научно-технический журнал.— , 1995-
Т. 66, № 4.— 2016.— [С. 96-100]
Egile nagusia: Мартынова Ю. А. Юлия Алексеевна
Erakunde egilea: Национальный исследовательский Томский политехнический университет (ТПУ) Институт кибернетики (ИК) Кафедра автоматики и компьютерных систем (АИКС)
Gaia:Заглавие с экрана
Для решения задачи совершенствования маршрутных сетей городов выбран и адаптирован алгоритм муравьиных колоний. Разработан программный комплекс, автоматизирующий решение поставленной задачи. Предлагаемые модель оптимизации и адаптированный алгоритм апробированы на маршрутной сети города Томска.
To solve the problem of optimizing urban passenger transit network chosen and adapted ant colony algorithm. Software developed to automate the task. The proposed optimization model and adapted algorithm tested on the transit network of Tomsk.
Режим доступа: по договору с организацией-держателем ресурса
Hizkuntza:errusiera
Argitaratua: 2016
Gaiak:
Sarrera elektronikoa:http://elibrary.ru/item.asp?id=27335346
Formatua: Baliabide elektronikoa Liburu kapitulua
KOHA link:https://koha.lib.tpu.ru/cgi-bin/koha/opac-detail.pl?biblionumber=652956

MARC

LEADER 00000naa0a2200000 4500
001 652956
005 20250211162928.0
035 |a (RuTPU)RU\TPU\network\18327 
090 |a 652956 
100 |a 20170201d2016 k||y0rusy50 ca 
101 0 |a rus 
102 |a RU 
135 |a drcn ---uucaa 
181 0 |a i  
182 0 |a b 
200 1 |a Совершенствование маршрутной сети городского пассажирского транспорта с помощью алгоритма муравьиных колоний  |d Optimizing urban passenger transit network with ant colony algorithm  |f Ю. А. Мартынова 
203 |a Текст  |c электронный 
300 |a Заглавие с экрана 
320 |a [Библиогр.: с. 100 (7 назв.)] 
330 |a Для решения задачи совершенствования маршрутных сетей городов выбран и адаптирован алгоритм муравьиных колоний. Разработан программный комплекс, автоматизирующий решение поставленной задачи. Предлагаемые модель оптимизации и адаптированный алгоритм апробированы на маршрутной сети города Томска. 
330 |a To solve the problem of optimizing urban passenger transit network chosen and adapted ant colony algorithm. Software developed to automate the task. The proposed optimization model and adapted algorithm tested on the transit network of Tomsk. 
333 |a Режим доступа: по договору с организацией-держателем ресурса 
461 |t Системы управления и информационные технологии  |o научно-технический журнал  |d 1995- 
463 |t Т. 66, № 4  |v [С. 96-100]  |d 2016 
510 1 |a Optimizing urban passenger transit network with ant colony algorithm  |z eng 
610 1 |a электронный ресурс 
610 1 |a труды учёных ТПУ 
610 1 |a маршрутные системы 
610 1 |a пассажирский транспорт 
610 1 |a метаэвристические алгоритмы 
610 1 |a алгоритм муравья 
610 1 |a оптимизация 
700 1 |a Мартынова  |b Ю. А.  |c специалист в области информатики и вычислительной техники  |c программист, ассистент Томского политехнического университета  |f 1988-  |g Юлия Алексеевна  |3 (RuTPU)RU\TPU\pers\32450 
712 0 2 |a Национальный исследовательский Томский политехнический университет (ТПУ)  |b Институт кибернетики (ИК)  |b Кафедра автоматики и компьютерных систем (АИКС)  |3 (RuTPU)RU\TPU\col\18698 
801 2 |a RU  |b 63413507  |c 20170206  |g RCR 
856 4 |u http://elibrary.ru/item.asp?id=27335346 
942 |c CF